Héctor Elizondo Filmography - Statistics

General Stats
  • This quiz has been taken 4 times
  • The average score is 9 of 201
Answer Stats
Type Year Name % Correct
Film 1990 Pretty Woman
100%
Film 2001 The Princess Diaries
100%
TV Show 2006 Avatar: The Last Airbender
50%
Film 1994 Beverly Hills Cop III
50%
TV Show 1994-2000 Chicago Hope
50%
TV Show 1996 Gargoyles
50%
TV Show 2007, 2009, 2011, 2013 Grey's Anatomy
50%
TV Show 2008-2009 Monk
50%
Film 2023 Mr. Monk's Last Case: A Monk Movie
50%
Film 2011 New Year's Eve
50%
Film 1999 Runaway Bride
50%
Film 2014 The Book of Life
50%
TV Show 2013 The Legend of Korra
50%
Film 2017 The LEGO Batman Movie
50%
Film 2004 The Princess Diaries 2: Royal Engagement
50%
Film 2010 Valentine's Day
50%
TV Film 1988 Addicted to His Love
0%
TV Show 1984 a.k.a. Pablo
0%
TV Show 1994, 1995 Aladdin: The Series
0%
TV Show 1972 All in the Family
0%
TV Show 1986 Amazing Stories
0%
TV Show 2011 American Dad!
0%
Documentary Series 2002, 2004 American Experience
0%
Film 1980 American Gigolo
0%
Documentary Series 2021 American Masters
0%
TV Show 1982, 1992 American Playhouse
0%
TV Show 1992 An Evening at the Improv
0%
TV Show 1993 Animaniacs
0%
Short Film 1988 Astronomy
0%
Film 1994 Backstreet Justice
0%
TV Show 1975 Baretta
0%
Film 2003 Batman: Mystery of the Batwoman
0%
TV Show 1995 Batman: The Animated Series
0%
Video Game 2003 Batman: The Rise of Sin Tzu
0%
Film 1988 Beaches
0%
Film 1994 Being Human
0%
Documentary Series 2004, 2008 Biography
0%
Film 1971 Born to Win
0%
TV Film 1997 Borrowed Hearts
0%
TV Show 2021-2022 B Positive
0%
TV Show 1982 Bret Maverick
0%
TV Show 2007 Cane
0%
TV Show 2015 Captain Jake and the Never Land Pirates
0%
TV Show 1993, 1994, 1995 Captain Planet and the Planeteers
0%
TV Show 1983 Casablanca
0%
TV Show 2004 Century City
0%
Film 1990 Chains of Gold
0%
TV Show 1975 Columbo
0%
TV Film 1986 Courage
0%
TV Show 2015 Cristela
0%
Film 1979 Cuba
0%
Theater 1974 Dance of Death
0%
TV Film 1990 Dark Avenger
0%
Music Videos 1999 David Duchovny
0%
Film 1972 Deadhead Miles
0%
Film 1996 Dear God
0%
Film 1976 Diary of the Dead
0%
TV Show 2010 Dora the Explorer
0%
Video Game 2010 Dora the Explorer: Dora's Big Birthday Adventure
0%
TV Show 1987 Down and Out in Beverly Hills
0%
Theater 1967 Drums in the Night
0%
TV Show 1998 Early Edition
0%
TV Show 2016-2018 Elena of Avalor
0%
TV Show 2007 El Tigre: The Adventures of Manny Rivera
0%
Film 1999 Entropy
0%
Film 1994 Exit to Eden
0%
Documentary Series 2021 Explained
0%
TV Show 1983 Feel the Heat
0%
TV Film 2002 Fidel
0%
Film 1991 Final Approach
0%
TV Film 1991 Finding the Way Home
0%
TV Show 1992 Fish Police
0%
TV Show 1985-1986 Foley Square
0%
TV Film 1990 Forgotten Prisoners: The Amnesty Files
0%
Film 1991 Frankie and Johnny
0%
Film 2003 Frankie and Johnny Are Married
0%
TV Show 1980-1981 Freebie and the Bean
0%
Film 2007 Georgia Rule
0%
Film 1994 Getting Even with Dad
0%
TV Show 2010 Go, Diego! Go!
0%
Film 2013 Go for Sisters
0%
Radio Play 2010 Goldfinger: The Radio Play
0%
TV Show 1987 Great Performances
0%
Web Series 2022 Green Eggs and Ham
0%
TV Pilot 2018 Guess Who Died
0%
TV Show 1997 Happily Ever After: Fairy Tales for Every Child
0%
TV Documentary 2003 Hidden City
0%
TV Show 1984, 1985 Hill Street Blues
0%
TV Show 2001 Hollywood Squares
0%
TV Film 1982 Honeyboy
0%
Film 2001 How High
0%
TV Show 1981 Insight
0%
Documentary Series 2003 Intimate Portrait
0%
Film 2006 I-See-You.com
0%
TV Show 2004 Jack & Bobby
0%
TV Film 1995 Jonny Quest Versus the Cyber Insects
0%
TV Show 2004 Justice League
0%
TV Show 2005, 2006 Justice League Unlimited
0%
TV Show 2001 Kate Brasher
0%
Theater 1965 Kill the One-Eyed Man!
0%
Short Film 2010 Knight to D7
0%
TV Show 1973, 1976 Kojak
0%
TV Film 1989 Kojak: Ariana
0%
TV Show 2011-2021 Last Man Standing
0%
Film 1989 Leviathan
0%
Film 2007 Love in the Time of Cholera
0%
Theater 1991 Mastergate
0%
TV Show 1986 Matlock
0%
TV Show 1974 Maude
0%
Film 2023 Max & Me
0%
TV Documentary 2003 Mega-Excavators
0%
TV Show 2017-2020 Mickey and the Roadster Racers
0%
TV Show 2003 Miracles
0%
Commercial 2000 Mitsubishi
0%
Film 2016 Mother's Day
0%
TV Show 2002 ¡Mucha Lucha!
0%
Film 2004 ¡Mucha Lucha!: The Return of El Maléfico
0%
TV Film 1985 Murder: By Reason of Insanity
0%
TV Show 1997 Murphy Brown
0%
Film 2021 Music
0%
Film 2007 Music Within
0%
Documentary Series 2010 National Geographic Explorer
0%
Film 1991 Necessary Roughness
0%
Theater 2011 New Jerusalem
0%
TV Show 1987 Night Heat
0%
Film 1986 Nothing in Common
0%
Documentary Series 2001 NOVA
0%
TV Film 1985 Out of the Darkness
0%
Film 1987 Overboard
0%
Film 1995 Perfect Alibi
0%
TV Show 1994 Picket Fences
0%
Film 1972 Pocket Money
0%
TV Show 1975-1976 Popi
0%
Commercial 2020 Prime Clerk
0%
Film 1985 Private Resort
0%
Commercial 1999 Quanterra
0%
Film 2004 Raising Helen
0%
TV Show 1988 Reading Rainbow
0%
Film 1975 Report to the Commissioner
0%
Documentary 1993 Roberto Clemente: A Video Tribute to One of Baseball's Greatest Players and a True Humanitarian
0%
Film 1998 Safe House
0%
Film 1991 Samantha
0%
Documentary Series 1996 Sex, Censorship and the Silver Screen
0%
Theater 1976-1978 Sly Fox
0%
TV Pilot 2006 So Here's What Happened
0%
TV Film 1990 Sparks: The Price of Passion
0%
Film 1972 Stand Up and Be Counted
0%
Web Series 2023 Star Wars: The Bad Batch
0%
Theater 1970 Steambath
0%
TV Show 1998 Stories from My Childhood
0%
Web Series 2004 Storyline Online
0%
TV Show 2002-2003 Street Time
0%
TV Film 1990 Taking Care of Business
0%
TV Show 1993 Tales from the Crypt
0%
TV Documentary 1999 Tango Magic
0%
Commercial 1999 TD Waterhouse
0%
TV Show 1993 The Addams Family
0%
TV Show 1990 The Adventures of Don Coyote and Sancho Panda
0%
TV Documentary 2007 The Borinqueneers
0%
TV Mini-Series 1992 The Burden of Proof
0%
Film 2006 The Celestine Prophecy
0%
TV Mini-Series 1978 The Dain Curse
0%
TV Show 2003 The Dating Experiment
0%
TV Show 1968-1970 The Doctors
0%
TV Show 1978 The Eddie Capra Mysteries
0%
TV Show 1966 The Edge of Night
0%
TV Show 1989 The Equalizer
0%
Film 1981 The Fan
0%
Film 1963 The Fat Black Pussycat
0%
Film 1984 The Flamingo Kid
0%
Theater 1968-1970 The Great White Hope
0%
TV Film 1971 The Impatient Heart
0%
TV Show 1969 The Jackie Gleason Show
0%
Film 1970 The Landlord
0%
TV Documentary 1997 The Mysterious Man of the Shroud
0%
Film 1999 The Other Sister
0%
Audiobook 2011 The Pearl
0%
TV Show 1991-1992 The Pirates of Dark Water
0%
Theater 1992 The Price
0%
Theater 1971-1973 The Prisoner of Second Avenue
0%
Film 1992 There Goes the Neighborhood
0%
TV Show 1975, 1978 The Rockford Files
0%
Film 1974 The Taking of Pelham One Two Three
0%
Film 1969 The Vixens
0%
Documentary Mini-Series 1996 The West
0%
TV Show 2002 The West Wing
0%
TV Show 2004 The Wild Thornberrys
0%
Film 1977 Thieves
0%
TV Show 2011 ThunderCats
0%
Music Video 2020 Together
0%
Film 2001 Tortilla Soup
0%
Film 1997 Turbulence
0%
TV Special 1996 Uncommon Heroes
0%
Film 1971 Valdez Is Coming
0%
TV Film 1976 Wanted: The Sundance Woman
0%
TV Show 2002 What's New, Scooby-Doo?
0%
TV Show 2003 Without a Trace
0%
TV Film 1983 Women of San Quentin
0%
TV Documentary 1997 World's Most Daring Rescues
0%
Film 1982 Young Doctors in Love
0%
TV Film 1989 Your Mother Wears Combat Boots
0%
No matching quizzes found
Score Distribution
Percent of People with Each Score
Percentile by Number Answered
Your Score History
You have not taken this quiz